000 00651nam a22002177a 4500
003 UA-OsUOA
001 120117
007 ta
008 20161208b un ||||| |||| 00| 0 ukr d
100 _aШулакова К.
090 _a330(477)
_bШ95
942 _cSA
040 _aUA-OsUOA
_bukr
_cUA-OsUOA
_dUA-OsUOA
245 _aОцінка практики лібералізації валютного регулювання в Україні
300 _aС.64-77
955 _a0
041 _aukr
080 _a330(477)
773 0 _w120112
_tБанківська справа
_dК.
_d2016
_g4
650 7 _a330 Економіка взагалі
_2UDC
999 _c406242
_d406242